Electrónica enciclopedia práctica : volumen 4

Bibliographic Details
Main Author: Goñi, Miguel J.
Format: Section = Libro
Language:Undetermined
Spanish
Published: España Nueva Lente 1982
Subjects:
LEADER 00625nam a2200229Ia 4500
008 240829s9999 xx 000 0 und d
020 |a 84-7534-001-6 
040 |a BIBLIOTECA-RUSB/ Ref 621.381 G638 
041 |a spa 
082 |a Ref 621.381 G638 
100 1 |a Goñi, Miguel J. 
245 1 0 |a Electrónica enciclopedia práctica : volumen 4 
260 |a España  |b Nueva Lente  |c 1982 
300 |a p. irreg. :il. 
650 7 |a ELECTRÓNICA 
650 7 |b  MOTORES ELÉCTRICOS 
650 7 |c  ACÚSTICA 
650 7 |d  CIRCUITOS HÍBRIDOS 
650 7 |e  CINTAS MAGNÉTICAS 
942 |c BK  |2 ddc 
991 |a TEXTO 
999 |c 6128